MARC

LEADER 00000nlm0a2200000 4500
001 190347
005 20231101224259.0
035 |a (RuTPU)RU\TPU\book\207394 
090 |a 190347 
100 |a 20110120d2010 m y0rusy50 ca 
101 0 |a rus 
102 |a RU 
105 |a a j 001zy 
135 |a drcn ---uucaa 
181 0 |a i  
182 0 |a b 
200 1 |a Инженерная геология городов  |b Электронный ресурс  |e учебное пособие  |f П. П. Ипатов  |g Национальный исследовательский Томский политехнический университет (ТПУ) 
203 |a Текст  |c электронный 
205 |a 2-е изд. 
210 |a Томск  |c Изд-во ТПУ  |d 2010 
230 |a 1 компьютерный файл (pdf; 1.5 MB) 
300 |a Заглавие с титульного экрана 
300 |a Электронная версия печатной публикации 
333 |a Режим доступа: из корпоративной сети ТПУ 
337 |a Adobe Reader 
606 1 |a Инженерная геология  |2 stltpush  |3 (RuTPU)RU\TPU\subj\12572  |9 39335 
606 1 |a Градостроительство  |2 stltpush  |3 (RuTPU)RU\TPU\subj\8465  |9 35873 
610 1 |a города 
610 1 |a геологическая среда 
610 1 |a инженерно-геологические процессы 
610 1 |a геология 
610 1 |a городские территории 
610 1 |a рациональное использование 
610 1 |a учебные пособия 
610 1 |a труды учёных ТПУ 
610 1 |a электронный ресурс 
675 |a 624.131.1(075.8)  |v 3 
700 1 |a Ипатов  |b П. П.  |c российский гидрогеолог  |c доцент Томского политехнического университета  |g Пётр Петрович  |2 stltpush  |3 (RuTPU)RU\TPU\pers\26307 
712 0 2 |a Национальный исследовательский Томский политехнический университет (ТПУ)  |c (2009- )  |2 stltpush  |3 (RuTPU)RU\TPU\col\15902 
801 1 |a RU  |b 63413507  |c 20110120 
801 2 |a RU  |b 63413507  |c 20110304  |g RCR 
856 4 |u http://www.lib.tpu.ru/fulltext2/m/2011/m16.pdf 
900 |a Инженерное обустройство территории 
942 |c CF